000 00652nam a2200241Ia 4500
003 OSt
005 20220918223619.0
006 a|||||r|||| 00| 0
007 ta
008 220917b |||||||| |||| 00| 0 eng d
024 _a224,159
037 _cTextual
040 _aARTS
_cARTS
_beng
041 _2eng
_aeng
082 _aR3, P1
100 _aLoux Michael J. Ed.
245 0 _aMetaphysics
_b Contemporary readings
260 _aLondon
_bRoutledge
_c2005
300 _axii,555p.
_ccm.
490 _aRoutledge cotemporary readings in philosophy
942 _hR3, P1
_cTEXL
_2CC
999 _c278966
_d278966